Quel est ce fromage ? - Statistiques

Statistiques générales
  • Ce quiz a été pris 663 fois
  • Le résultat moyen est 8 sur 15
Statistiques - réponses
Par images Réponse % Correct
Emmental
90%
Comté
86%
Roquefort
84%
Morbier
81%
Camembert
78%
Brie
77%
Reblochon
69%
Saint-Nectaire
46%
Cantal
45%
Beaufort
37%
Saint-Marcellin
29%
Abondance
28%
Tomme
24%
Crottin de Chavignol
13%
Gruyère
13%
Aucun quiz correspondant
Distribution des résultats
% des personnes avec chaque résultat
Percentile par nombre de réponses
Votre historique - résultats
Vous n’avez pas pris ce quiz